№ 1-12; Elektrotechnisches echo

Dades bibliogràfiques
Parent link:Elektrotechnisches echo: Illustriertes fachorgan. Stimmen aus allen landern. № 1-12.— , 1888-1889
Idioma:alemany
Publicat: 1889
Format: MixedMaterials Llibre
KOHA link:https://koha.lib.tpu.ru/cgi-bin/koha/opac-detail.pl?biblionumber=554311

MARC

LEADER 00000nam2a2200000 4500
001 554311
005 20231101121442.0
035 |a (RuTPU)RU\TPU\prd\248274 
035 |a RU\TPU\prd\248273 
090 |a 554311 
100 |a 20151218c1889 k y0gery50 ca 
101 0 |a ger 
102 |a DE 
200 0 |a № 1-12 
210 |d 1889 
461 1 |0 (RuTPU)RU\TPU\prd\246  |t Elektrotechnisches echo  |o Illustriertes fachorgan. Stimmen aus allen landern   |v № 1-12  |d 1888-1889 
801 0 |a RU  |b 63413507  |c 20010227  |g PSBO 
801 1 |a RU  |b 63413507  |c 20151218 
801 2 |a RU  |b 63413507  |c 20151218  |g RCR 
942 |c BK 
999 |a НТБ_ТПУ  |b НФ  |e -4/20150112  |p П-217  |u 0,00  |v 1  |x 4179